Countries With No Laws Regarding Homosexuality - Statistics

General Stats
  • This quiz has been taken 44 times
  • The average score is 8 of 13
Answers on the Map
Answers color-coded by a green-red scale on the quiz's map according to % correct below.
 
Answer Stats
Answer % Correct
Niger
74%
Democratic Republic of the Congo
71%
Republic of the Congo
71%
Rwanda
71%
Mali
69%
Burkina Faso
66%
Equatorial Guinea
66%
Benin
63%
Central African Republic
63%
Ivory Coast
63%
Madagascar
63%
Djibouti
57%
Vanuatu
46%
No matching quizzes found
Score Distribution
Percent of People with Each Score
Percentile by Number Answered
Your Score History
You have not taken this quiz